[Event "It (open)"]
[Site "masterchessopen.com - Forchheim (Germany)"]
[Date "2010.10.03"]
[Round "5"]
[White "Nabavi Parwis (SUI)"]
[Black "Turner Radek (CZE)"]
[Result "1-0"]
[WhiteElo "2203"]
[BlackElo "2168"]

1.d4 Nf6 2.c4 c5 3.d5 e6 4.Nc3 exd5 5.cxd5 d6 6.Nf3 g6 7.e4 Bg7 8.Be2 O-O
9.O-O Re8 10.Nd2 Nbd7 11.a4 Ne5 12.Ra3 g5 13.Re1 Ng6 14.Bb5 Nd7 15.Nc4 Bf8
16.a5 h6 17.Ne3 Qf6 18.Nf5 Rd8 19.a6 Nde5 20.axb7 Bxb7 21.Ba6 Rdb8 22.Qc2 Ne7
23.Nxe7+ Qxe7 24.Be2 Ng6 25.Bd2 Bc8 26.Rea1 f5 27.exf5 Nh4 28.Bd3 Qf7 29.f6
Qxf6 30.Rxa7 Rxa7 31.Rxa7 Bg7 32.Ne4 Qxb2 33.Qxb2 Bxb2 34.Nxd6 Bd4 35.Nxc8
Rxc8 36.d6 Kf8 37.Kf1 c4 38.Bb4 Rd8 39.d7+ Kg7 40.Be7 Bxa7 41.Bxd8 {#r} 1-0

[Event "It (open) (under 2300)"]
[Site "masterchessopen.com - Calvia (Spain)"]
[Date "2010.10.11"]
[Round "3"]
[White "Adler Bo (SWE)"]
[Black "Cerdo Fernandez Miguel (ESP)"]
[Result "0-1"]
[WhiteElo "2220"]
[BlackElo "1909"]

1.d4 Nf6 2.c4 c5 3.d5 e6 4.Nc3 exd5 5.cxd5 d6 6.Nf3 g6 7.Nd2 Bg7 8.e4 O-O
9.Be2 Re8 10.O-O a6 11.a4 Qc7 12.Qc2 Nbd7 13.f4 b6 14.Nc4 Bb7 15.Bf3 Rab8
16.Bd2 Ba8 17.Be1 b5 18.axb5 axb5 19.Rxa8 bxc4 20.Ra2 Qb6 21.Bd2 Qb3 22.Qxb3
cxb3 23.Ra6 Rb6 24.Rfa1 h5 25.R1a3 Reb8 26.Rxb6 Rxb6 27.Bd1 c4 28.Ra4 Nc5
29.Rxc4 Ra6 30.Be2 Ra2 31.e5 Ra1+ 32.Kf2 Ne8 33.Be3 Ra5 34.Bxc5 dxc5 35.d6 Ra7
36.Rxc5 Nxd6 37.exd6 Bd4+ 38.Kf3 Bxc5 39.Ne4 Bd4 40.Bc4 Kf8 41.Bxb3 Bxb2
42.Bd5 f5 43.Nc5 Ba3 44.Ne6+ Kf7 45.Ng5+ Kf6 {#R} 0-1

[Event "Ch Slovakia (team) 2010/11 (1 liga) East"]
[Site "masterchessopen.com - Slovakia"]
[Date "2010.11.07"]
[Round "2"]
[White "Hlas Jan (SVK)"]
[Black "Jacko Vladimir (SVK)"]
[Result "0-1"]
[WhiteElo "2233"]
[BlackElo "2068"]

1.d4 Nf6 2.c4 c5 3.d5 e6 4.Nc3 exd5 5.cxd5 d6 6.Nf3 g6 7.Nd2 Bg7 8.e4 O-O
9.Be2 Re8 10.O-O a6 11.a4 Nbd7 12.Qc2 Ne5 13.h3 g5 14.Nf3 Nxf3+ 15.Bxf3 Nd7
16.Be2 Ne5 17.Nd1 Ng6 18.Bg4 Qe7 19.f3 f5 20.Bxf5 Bxf5 21.exf5 Bd4+ 22.Kh1 Nh4
23.Nc3 Qe5 24.Bxg5 Nxf5 25.f4 Ng3+ 26.Kh2 Nxf1+ 27.Rxf1 Qg7 28.Ne4 Qg6 29.f5
Be5+ 30.Kh1 Qf7 31.b3 Kh8 32.Qd3 Rg8 33.Bd2 Qg7 34.Qf3 Raf8 35.g4 b5 36.Bc3
Bxc3 37.Nxc3 bxa4 38.bxa4 h5 39.Rg1 Qe5 40.Rf1 hxg4 41.hxg4 Rf7 42.Kg2 Rxg4+
{#R} 0-1

[Event "Oberliga East B 2010/11"]
[Site "masterchessopen.com - Germany"]
[Date "2010.11.14"]
[Round "3"]
[White "Heppner Ernst Dr (GER)"]
[Black "Bajramovic Bego (GER)"]
[Result "1-0"]
[WhiteElo "2150"]
[BlackElo "2108"]

1.d4 Nf6 2.c4 c5 3.d5 e6 4.Nc3 exd5 5.cxd5 d6 6.e4 g6 7.Nf3 Bg7 8.Be2 O-O
9.O-O Re8 10.Nd2 a6 11.a4 Qc7 12.f3 Nbd7 13.Nc4 Nb6 14.Ne3 Nh5 15.f4 Nf6
16.Bf3 Bh6 17.a5 Nbd7 18.Nc4 b5 19.axb6 Nxb6 20.Na5 Nfd7 21.Kh1 Bg7 22.Be3 Rb8
23.Qd2 Nf6 24.Bg1 Bd7 25.Qd3 Bb5 26.Nxb5 axb5 27.Nc6 c4 28.Qc2 Ra8 29.Rxa8
Rxa8 30.Bd4 Ne8 31.e5 Ra2 32.Qb1 Ra4 33.b3 Ra6 34.bxc4 bxc4 35.Qb5 Qb7 36.Rb1
Nc7 37.Qb4 Nca8 38.Qxd6 h6 39.h3 Kh7 40.Qb4 Qc8 41.Ne7 Qd7 42.d6 Qd8 43.Bxa8
Qxa8 44.Bxb6 Ra2 45.Rg1 Ra4 46.Qc5 {#r} 1-0

[Event "It (open)"]
[Site "masterchessopen.com - Nova Gorica (Slovenia)"]
[Date "2011.02.03"]
[Round "9"]
[White "Markus Robert (SRB)"]
[Black "Dvirnyy Daniyyl (ITA)"]
[Result "1-0"]
[WhiteElo "2635"]
[BlackElo "2457"]

1.d4 Nf6 2.c4 e6 3.Nf3 c5 4.d5 d6 5.Nc3 exd5 6.cxd5 g6 7.e4 Bg7 8.Be2 O-O
9.O-O Re8 10.Nd2 Nbd7 11.a4 Ne5 12.Qc2 Bg4 13.f3 Bd7 14.Nc4 Nxc4 15.Bxc4 Nh5
16.g4 Bd4+ 17.Kh1 Ng7 18.Bf4 h5 19.h3 Qh4 20.Qh2 Be5 21.Bxe5 Rxe5 22.Bb5 Rd8
23.f4 Ree8 24.g5 a6 25.Bxd7 Rxd7 26.Qg2 Rde7 27.a5 Rf8 28.Kh2 f5 29.gxf6 Qxf6
30.Qg5 Qxg5 31.fxg5 Ref7 32.Rxf7 Rxf7 33.Kg2 h4 34.Rf1 Rd7 35.Kf3 Rf7+ 36.Ke2
Nh5 37.Rxf7 Kxf7 38.Kf3 Ng3 39.Nb1 Ke7 40.Nd2 Kd7 41.Ke3 Ke7 42.Nf3 Kf7
43.Nxh4 Nf1+ 44.Kd3 {#r} 1-0

[Event "It (open)"]
[Site "masterchessopen.com - Cento (Italy)"]
[Date "2011.02.06"]
[Round "2"]
[White "Mueer Sebastian (GER)"]
[Black "Piscopo Pierluigi (ITA)"]
[Result "0-1"]
[WhiteElo "2230"]
[BlackElo "2373"]

1.d4 Nf6 2.c4 e6 3.Nf3 c5 4.d5 d6 5.Nc3 exd5 6.cxd5 g6 7.Nd2 Bg7 8.e4 O-O
9.Be2 Re8 10.O-O Nbd7 11.f4 c4 12.Kh1 Nc5 13.e5 dxe5 14.fxe5 Rxe5 15.Nxc4 Rf5
16.Bf3 Ng4 17.Ne3 Nxe3 18.Bxe3 b6 19.g4 Re5 20.Bf4 Ba6 21.Bxe5 Bxe5 22.d6 Qh4
23.Qc2 Rd8 24.Qf2 Qh3 25.Bd5 Bxf1 26.Rxf1 Kh8 27.Bxf7 Rxd6 28.Be8 Rf6 29.Nb1
{#R} 0-1

[Event "Czech League 2010/11 (2nd) (e)"]
[Site "masterchessopen.com - Czech Republic"]
[Date "2011.03.06"]
[Round "9"]
[White "Michalcak Lubomir (CZE)"]
[Black "Blaha Petr (CZE)"]
[Result "1-0"]
[WhiteElo "2100"]
[BlackElo "2056"]

1.d4 Nf6 2.c4 c5 3.d5 e6 4.Nc3 exd5 5.cxd5 d6 6.e4 g6 7.Nf3 Bg7 8.Be2 O-O
9.O-O Re8 10.Nd2 a6 11.a4 h5 12.h3 b6 13.f4 Ra7 14.Bf3 Rb7 15.Re1 Ng4 16.e5
Nh6 17.Nc4 Bf8 18.Ne4 dxe5 19.fxe5 Nf5 20.Nf6+ Kg7 21.Bg5 Kh8 22.Bxh5 b5
23.Ne4 Be7 24.Bxe7 Rexe7 25.axb5 Rxb5 26.Bg4 Rb4 27.b3 Reb7 28.Qd2 Kg7 29.Nxc5
R7b5 30.e6 Rxc4 31.bxc4 Rxc5 32.Bxf5 fxe6 33.Qd4+ Kh6 34.Qxc5 exf5 35.Re7 f4
36.Rae1 Nd7 37.Qd6 Qb6+ 38.Qxb6 Nxb6 39.d6 Nxc4 40.d7 Bxd7 41.Rxd7 {#r} 1-0

[Event "Tournament (open)"]
[Site "masterchessopen.com - Barcelona (Spain)"]
[Date "2011.03.16"]
[Round "2"]
[White "Garcia Riera Josep (ESP)"]
[Black "Gavilan Diaz Mario (ESP)"]
[Result "0-1"]
[WhiteElo "1987"]
[BlackElo "2250"]

1.d4 Nf6 2.c4 c5 3.d5 e6 4.Nc3 exd5 5.cxd5 d6 6.e4 g6 7.Nf3 Bg7 8.Be2 O-O
9.O-O Re8 10.Nd2 Nbd7 11.Qc2 Nh5 12.Nc4 Ne5 13.Bxh5 gxh5 14.Nxe5 Bxe5 15.Be3
Rb8 16.a4 a6 17.a5 b5 18.Ne2 f5 19.f4 Bh8 20.e5 dxe5 21.Qxc5 Bb7 22.fxe5 Rc8
23.Qd4 Rxe5 24.Qf4 Re4 25.Qxf5 Qxd5 26.Qxd5+ Bxd5 27.Rf3 Rg4 28.Rg3 Re8 29.Kf2
Bxb2 30.Rd1 Rf8+ 31.Nf4 Bc4 32.Rxg4+ hxg4 33.Kg3 Be5 34.Rd2 h5 35.Rf2 b4
36.Bc1 b3 37.Bb2 Bc7 38.Bc3 Rf5 {#R} 0-1

[Event "Ch Croatia (team) (2nd league)"]
[Site "masterchessopen.com - Zagreb (Croatia)"]
[Date "2011.03.27"]
[Round "4"]
[White "Hudolin Kresimir (CRO)"]
[Black "Frcko Petar (CRO)"]
[Result "1-0"]
[WhiteElo "2059"]
[BlackElo "1696"]

1.d4 Nf6 2.Nf3 e6 3.c4 c5 4.d5 exd5 5.cxd5 d6 6.Nc3 g6 7.e4 Bg7 8.Be2 O-O
9.O-O Re8 10.Nd2 b6 11.f3 Ba6 12.a4 Bxe2 13.Qxe2 Nh5 14.Nc4 a6 15.g4 Bd4+
16.Kh1 Nf6 17.Qg2 Be5 18.Bg5 Nbd7 19.Rae1 Qc7 20.f4 Bxc3 21.bxc3 b5 22.Nd2 Qa5
23.e5 Qxc3 24.exf6 Nxf6 25.axb5 axb5 26.Bxf6 Qxf6 27.Ne4 Qe7 28.g5 Kh8 29.Qb2+
{#r} 1-0

[Event "It (open)"]
[Site "masterchessopen.com - Jakarta (Indonesia)"]
[Date "2011.04.03"]
[Round "4"]
[White "Gunawan Johan (INA)"]
[Black "Juswanto Denny (INA)"]
[Result "1-0"]
[WhiteElo "2308"]
[BlackElo "2428"]

1.d4 Nf6 2.c4 c5 3.d5 e6 4.Nc3 exd5 5.cxd5 d6 6.Nf3 g6 7.e4 Bg7 8.Be2 O-O
9.O-O Re8 10.Nd2 a6 11.a4 Nbd7 12.Re1 Rb8 13.Bf1 Nh5 14.g3 Ne5 15.h3 c4
16.Nxc4 Nxc4 17.Bxc4 Bxh3 18.Be2 Nf6 19.Bf3 h5 20.Bg5 Qb6 21.Qd2 Nd7 22.a5 Qc7
23.Be3 Bg4 24.Bg2 Ne5 25.Bb6 Qd7 26.b3 h4 27.Re3 h3 28.Bh1 Bh5 29.f3 f5
30.Rae1 Rbc8 31.Bd4 h2+ 32.Kxh2 Bh6 33.f4 Ng4+ 34.Kg1 Nxe3 35.Rxe3 Bg7 36.e5
dxe5 37.Bxe5 Bxe5 38.fxe5 f4 39.Re1 Qc7 40.Ne4 Qxe5 41.gxf4 Qg7 42.d6 Bg4
43.b4 Bf5 44.Qd5+ Kh8 45.Rd1 Bxe4 46.Bxe4 Rf8 47.Kg2 Qb2+ 48.Kg3 Rc6 49.Bd3
Qc2 50.Qe5+ Kg8 51.Qd5+ Kg7 52.Qe4 Rf6 53.d7 Qxd1 54.d8=Q Qg1+ 55.Kh3 Qf1+
56.Kg3 Qg1+ 57.Qg2 Qe3+ 58.Qf3 Qg1+ 59.Kh3 Rc3 60.Qe4 Kh6 {#r} 1-0

[Event "Zt"]
[Site "masterchessopen.com - Asuncion (Paraguay)"]
[Date "2011.05.21"]
[Round "6"]
[White "Roselli Mailhe Bernardo (URU)"]
[Black "Peralta Eduardo (PAR)"]
[Result "1-0"]
[WhiteElo "2403"]
[BlackElo "2228"]

1.d4 Nf6 2.c4 c5 3.d5 d6 4.Nc3 g6 5.e4 Bg7 6.Nf3 O-O 7.Be2 e6 8.O-O exd5
9.cxd5 Re8 10.Nd2 a6 11.a4 Nbd7 12.Re1 Rb8 13.h3 Nb6 14.a5 Na8 15.Bf3 Nc7
16.Nc4 Nb5 17.Bf4 Bf8 18.e5 dxe5 19.Rxe5 Rxe5 20.Bxe5 Nd6 21.Qe2 Nfe8 22.Ne4
Bf5 23.Nexd6 Nxd6 24.g4 Bc8 25.Rc1 h5 26.Nb6 hxg4 27.hxg4 Bd7 28.Qe3 Bb5
29.Qf4 g5 30.Qh2 f6 31.Bg3 Qe7 32.Kg2 Rd8 33.Rh1 Qg7 34.Re1 Qg6 35.Re6 Nf7
36.Be4 Qg7 37.Rxf6 Nh8 38.Be5 {#r} 1-0

[Event "Ch France (team) 2011"]
[Site "masterchessopen.com - Mulhouse (France)"]
[Date "2011.05.30"]
[Round "5"]
[White "Postny Evgeny (ISR)"]
[Black "Williams Simon (ENG)"]
[Result "1-0"]
[WhiteElo "2622"]
[BlackElo "2512"]

1.d4 Nf6 2.c4 e6 3.Nf3 c5 4.d5 exd5 5.cxd5 d6 6.Nc3 g6 7.Nd2 Bg7 8.e4 O-O
9.Be2 Re8 10.O-O Nbd7 11.Re1 Ne5 12.h3 g5 13.Nf1 h6 14.a4 Ng6 15.Ng3 a6 16.Bd2
Bd7 17.Ra3 Qc7 18.Qc2 Re7 19.Nd1 Rae8 20.f3 Nf4 21.Ne3 N6h5 22.Ngf5 Bxf5
23.Nxf5 Re5 24.Nxg7 Kxg7 25.Bc3 Ng3 26.Bf1 h5 27.Kh2 h4 28.a5 Qd8 29.Rb3 Qd7
30.Rb6 f6 31.Bxe5 Rxe5 32.Qb3 Re7 33.Bc4 Ng6 34.Qc3 Ne5 35.Bd3 Nh5 36.Rb1 Nf4
37.Bf1 f5 38.b4 c4 39.b5 fxe4 40.fxe4 g4 41.bxa6 bxa6 42.Qe3 g3+ 43.Kg1 Neg6
44.Qa3 Rf7 45.Qxd6 Qa4 46.Rb7 Rxb7 {#r} 1-0

[Event "It (open)"]
[Site "masterchessopen.com - Teplice (Czech Republic)"]
[Date "2011.06.19"]
[Round "9"]
[White "Jedlicka Ales (CZE)"]
[Black "Skara Vladimir (SVK)"]
[Result "1-0"]
[WhiteElo "2262"]
[BlackElo "2219"]

1.d4 Nf6 2.c4 c5 3.d5 e6 4.Nc3 exd5 5.cxd5 d6 6.Nf3 g6 7.e4 Bg7 8.Nd2 O-O
9.Be2 Re8 10.O-O b6 11.Re1 Ba6 12.Bxa6 Nxa6 13.h3 Nc7 14.a4 a6 15.Nc4 b5
16.axb5 axb5 17.Rxa8 Nxa8 18.Nxb5 Nxe4 19.Bf4 Nb6 20.b3 h6 21.Ncxd6 Nxd6
22.Bxd6 Rxe1+ 23.Qxe1 Qd7 24.Qa5 Qb7 25.Bxc5 Nxd5 26.Qa4 Qc6 27.Qc4 Nf4
28.Qxf4 Qxc5 29.Qc4 Qe5 30.g3 Bf8 31.Kg2 h5 32.Nd4 Qb8 33.h4 Qa7 34.Nc6 Qb7
35.Kg1 Qc7 36.Qd5 Qb7 37.Kg2 Kg7 38.Qf3 Kg8 39.Ne5 Qc7 40.Qd5 Kg7 41.Nd7 Be7
42.b4 Bxb4 43.Qd4+ Kh7 44.Nf6+ Kh6 45.Nd5 Qd8 46.Qf4+ {#r} 1-0

[Event "Cup Baltija (open)"]
[Site "masterchessopen.com - Palanga (Lithuania)"]
[Date "2011.06.20"]
[Round "3"]
[White "Stremavicius Titas (LTU)"]
[Black "Vidginis Vykintas (LTU)"]
[Result "1-0"]
[WhiteElo "2141"]
[BlackElo "1748"]

1.d4 Nf6 2.c4 c5 3.d5 e6 4.Nc3 exd5 5.cxd5 d6 6.e4 g6 7.Be2 Bg7 8.Nf3 O-O
9.Nd2 Re8 10.O-O a6 11.a4 b6 12.Re1 Bb7 13.Qc2 Nbd7 14.Nc4 Qc7 15.f4 Bf8 16.b3
Rab8 17.Bb2 Ba8 18.Nd2 Bh6 19.g3 c4 20.bxc4 Nc5 21.Bf3 Nfd7 22.Nd1 b5 23.axb5
axb5 24.Ne3 b4 25.Ng4 Bf8 26.Nb3 h5 27.Ne3 Bb7 28.Bd4 Bc8 29.Nd1 Nxb3 30.Qxb3
Nc5 31.Qe3 Bg7 32.Bxg7 Kxg7 33.Nb2 Ba6 34.Kg2 f6 35.Qf2 Rec8 36.Qc2 Rb6
37.Rec1 Rcb8 38.Re1 Re8 39.f5 Qf7 40.fxg6 Qxg6 41.Na4 Nxa4 42.Rxa4 Rc8 43.Qf2
Rcb8 44.c5 dxc5 45.Qxc5 Qf7 46.e5 Bc8 47.exf6+ Qxf6 48.Re7+ Kg6 49.Be4+ Bf5
50.Bxf5+ Qxf5 51.Rea7 Qf6 52.Qc2+ {#r} 1-0

[Event "Ch Italy (juniors) (under 16)"]
[Site "masterchessopen.com - Porretta Terme (Italy)"]
[Date "2011.07.08"]
[Round "8"]
[White "Tirelli Mauro"]
[Black "Boraso Alessio"]
[Result "1-0"]
[WhiteElo "1901"]
[BlackElo "1925"]

1.d4 c5 2.d5 e6 3.c4 exd5 4.cxd5 d6 5.Nc3 Nf6 6.e4 g6 7.Be2 Bg7 8.Nf3 O-O
9.O-O Re8 10.Nd2 a6 11.a4 Nbd7 12.Qc2 Rb8 13.a5 b5 14.axb6 Nxb6 15.Nb3 Ra8
16.Na5 Bd7 17.Bf4 Qc7 18.h3 Re7 19.Nc4 Nxc4 20.Bxc4 Nh5 21.Bh2 Qb6 22.Be2 Nf6
23.Ra3 Ne8 24.Rfa1 Rb8 25.Bxa6 Qxb2 26.Bd3 Qxc2 27.Bxc2 Bb5 28.Rb1 Bxc3
29.Rxc3 Reb7 30.Rcb3 Ba6 31.Rxb7 Rxb7 32.Rxb7 Bxb7 33.Ba4 Nf6 34.f3 Nxd5
35.exd5 Bxd5 36.Bxd6 c4 37.Kf2 f5 38.Ke3 Kf7 39.Kd4 Ke6 40.Bf4 Bb7 41.Bb5 Kf6
42.h4 c3 43.Kxc3 Kg7 44.Kd4 Bc8 45.Ke5 Bb7 46.Ke6 Bc8+ 47.Ke7 Bb7 48.Be5+ Kh6
49.Bf6 Bd5 50.Be2 f4 51.Kd6 Bb3 {#r} 1-0

[Event "Ch Central Serbia (open)"]
[Site "masterchessopen.com - Paracin (Serbia)"]
[Date "2011.07.09"]
[Round "2"]
[White "Jovanovic Miroslav (SRB)"]
[Black "Popovic Djordje (SRB)"]
[Result "0-1"]
[WhiteElo "2047"]
[BlackElo "2261"]

1.d4 Nf6 2.c4 e6 3.Nf3 c5 4.d5 exd5 5.cxd5 d6 6.Nc3 g6 7.e4 Bg7 8.Be2 O-O
9.O-O Re8 10.Nd2 Nbd7 11.a4 Ne5 12.h3 g5 13.Re1 Ng6 14.Bb5 Rf8 15.Be2 Re8
16.Bb5 Re7 17.Nf1 h6 18.Ng3 g4 19.Bf1 Re5 20.f4 gxf3 21.Qxf3 Nh4 22.Qe3 Ng6
23.Bd2 Bd7 24.Kh1 a6 25.a5 Nh5 26.Nxh5 Rxh5 27.Qf3 Rh4 28.g3 Bg4 29.Qf2 Rh5
30.Kh2 Ne5 31.h4 Nf3+ 32.Kg2 Qd7 33.Kh1 Be5 34.Be2 Nxd2 35.Bxg4 Qxg4 36.Qxd2
Qxg3 37.Qg2 Rxh4+ 38.Kg1 Bd4+ {#R} 0-1

[Event "It (open)"]
[Site "masterchessopen.com - Rethymno (Greece)"]
[Date "2011.07.18"]
[Round "9"]
[White "Prohaszka Peter (HUN)"]
[Black "Can Emre (TUR)"]
[Result "1-0"]
[WhiteElo "2553"]
[BlackElo "2466"]

1.d4 Nf6 2.c4 e6 3.Nf3 c5 4.d5 d6 5.Nc3 exd5 6.cxd5 g6 7.Nd2 Bg7 8.e4 O-O
9.Be2 Re8 10.O-O Nbd7 11.a4 Ne5 12.Ra3 g5 13.Re1 Ng6 14.Bb5 Rf8 15.Nf1 Ng4
16.Be2 N4e5 17.Ne3 Ne7 18.Nc4 Nxc4 19.Bxc4 Ng6 20.Bd3 a6 21.Ne2 Bg4 22.Qc2 Rc8
23.Ng3 c4 24.Be2 Bd7 25.a5 Nf4 26.Bxc4 b5 27.axb6 Qxb6 28.b3 Qb4 29.Rf1 Bb5
30.Qa2 Bxc4 31.bxc4 Rxc4 32.Rxa6 Be5 33.Bd2 Bc3 34.Be3 Rb8 35.Ra8 Rcc8 36.Rxb8
Rxb8 37.Qa7 Be5 38.Qe7 h6 39.Bxf4 gxf4 40.Nf5 Rb7 41.Qe8+ Kh7 42.Ne7 Rxe7
43.Qxe7 Kg7 44.Qh4 Qxe4 45.Qg4+ Kf6 46.Qf3 Qxf3 47.gxf3 Bc3 48.Rc1 Ba5 49.Ra1
Bc3 50.Ra7 Ke5 51.Rxf7 Kxd5 52.Kf1 Ke6 53.Rh7 Kf5 54.Rxh6 Bb4 55.Rh4 {#r} 1-0

[Event "Memorial Julio Bolbochan (cat.3)"]
[Site "masterchessopen.com - Banfield (Argentina)"]
[Date "2011.08.30"]
[Round "2"]
[White "Meza Hugo (ARG)"]
[Black "Mayorga Nicolas (ARG)"]
[Result "1-0"]
[WhiteElo "2288"]
[BlackElo "2330"]

1.d4 Nf6 2.c4 g6 3.Nc3 Bg7 4.e4 d6 5.Nf3 O-O 6.Be2 c5 7.d5 e6 8.O-O exd5
9.cxd5 Re8 10.Nd2 Nbd7 11.Qc2 Ne5 12.a4 g5 13.Rb1 g4 14.b4 Nh5 15.bxc5 dxc5
16.Nc4 Qh4 17.Nb5 Nxc4 18.Bxc4 Be5 19.g3 Qf6 20.Bb2 Bxb2 21.Rxb2 Qe5 22.d6 Rd8
23.Qb3 Nf6 24.Bxf7+ Kg7 25.Rd1 Bd7 26.Bd5 Rab8 27.Qc3 Qxc3 28.Nxc3 Nxd5
29.Rxd5 Be6 30.Rg5+ Kh6 31.Rxc5 Rxd6 32.Rbb5 Bd7 33.Rh5+ Kg7 34.Rbc5 Bc6
35.Rhg5+ Rg6 36.h3 Re8 37.hxg4 Bxe4 38.Rc7+ Kf6 39.Nxe4+ Rxe4 40.Rf5+ Ke6
41.Rxb7 Rxa4 42.Rxh7 Rgxg4 43.Rff7 a5 44.Ra7 Ra1+ 45.Kg2 a4 46.Ra5 Kf6 47.Rh6+
Kg7 48.Rb6 Rg6 49.Rxg6+ Kxg6 50.g4 a3 51.f4 Ra2+ 52.Kg3 Ra1 53.Ra6+ Kg7 54.g5
Rg1+ 55.Kf3 Rf1+ 56.Kg4 Ra1 57.Kf5 a2 58.Ra7+ Kf8 59.Kf6 Ke8 60.f5 Rb1 61.Rxa2
Rb6+ 62.Kg7 Rb7+ 63.Kg6 Kf8 64.f6 Rb8 65.Rh2 {#r} 1-0

[Event "It (open)"]
[Site "masterchessopen.com - Yuzhny (Ukraine)"]
[Date "2011.09.05"]
[Round "4"]
[White "Plaksin Valeriy (UKR)"]
[Black "Daryev Sergey (UKR)"]
[Result "1-0"]
[WhiteElo "2180"]
[BlackElo "1992"]

1.d4 Nf6 2.c4 c5 3.d5 e6 4.Nc3 exd5 5.cxd5 d6 6.e4 g6 7.Be2 Bg7 8.Nf3 O-O
9.O-O Re8 10.Nd2 a6 11.a4 b6 12.f4 Ra7 13.Bf3 Qd7 14.Nc4 b5 15.axb5 Qd8 16.e5
dxe5 17.fxe5 Nfd7 18.e6 Nf8 19.Bf4 Bxe6 20.dxe6 Bd4+ 21.Kh1 Nxe6 22.Bg3 Rd7
23.Bc6 Nxc6 24.bxc6 Ra7 25.Qf3 f5 26.Nd6 Ree7 27.Qd5 Kh8 28.Be5+ Bxe5 29.Qxe5+
Ng7 30.Qxc5 Rac7 31.Rfe1 Ne6 32.Qe5+ Ng7 33.Qd5 Qf8 34.Rad1 h5 35.Nc4 Kh7
36.Ne5 Qe8 37.Qd6 Ne6 38.Nd5 {#r} 1-0

[Event "It (open)"]
[Site "masterchessopen.com - Mataro (Spain)"]
[Date "2011.10.01"]
[Round "2"]
[White "Ruiz Molina Gabriel (ESP)"]
[Black "Asensio Linan Teodoro (ESP)"]
[Result "1-0"]
[WhiteElo "1928"]
[BlackElo "2163"]

1.d4 Nf6 2.c4 e6 3.Nc3 c5 4.d5 exd5 5.cxd5 d6 6.e4 g6 7.Nf3 Bg7 8.Be2 O-O
9.O-O Re8 10.Nd2 b6 11.Re1 Ba6 12.Bf1 Qd7 13.a4 Bxf1 14.Nxf1 Na6 15.Bf4 Nh5
16.Bg5 Nb4 17.Ne3 h6 18.g4 hxg5 19.gxh5 Qh3 20.hxg6 Be5 21.Ng4 Bf4 22.Nb5 f5
23.Nf6+ Kg7 24.Nh5+ Kxg6 25.Nxf4+ gxf4 26.Ra3 Qg4+ 27.Kh1 Kh7 28.f3 Qh4
29.Nxd6 Nc2 30.Nxe8 Rxe8 31.Re2 Nxa3 32.bxa3 Qh5 33.Qf1 c4 34.e5 c3 35.e6 Rc8
36.Rc2 Kg6 37.e7 Kf7 38.Qe2 {#r} 1-0

[Event "Cup Mitropa"]
[Site "masterchessopen.com - Merlimont (France)"]
[Date "2011.10.13"]
[Round "6"]
[White "Prohaszka Peter (HUN)"]
[Black "Kanovsky David (CZE)"]
[Result "1-0"]
[WhiteElo "2553"]
[BlackElo "2462"]

1.d4 Nf6 2.c4 c5 3.d5 e6 4.Nc3 exd5 5.cxd5 d6 6.Nf3 g6 7.Nd2 Bg7 8.e4 O-O
9.Be2 Re8 10.O-O Nbd7 11.a4 Ne5 12.Ra3 g5 13.Re1 Nfg4 14.Nf1 Nh6 15.Qd2 g4
16.Ng3 f5 17.Nh5 Nhf7 18.Nxg7 Kxg7 {#r} 1-0

[Event "It (open)"]
[Site "masterchessopen.com - Skopje (Macedonia)"]
[Date "2011.10.30"]
[Round "7"]
[White "Dancevski Orce (MKD)"]
[Black "Jianu Vlad-Cristian (ROM)"]
[Result "0-1"]
[WhiteElo "2398"]
[BlackElo "2502"]

1.d4 Nf6 2.c4 c5 3.d5 e6 4.Nc3 exd5 5.cxd5 d6 6.e4 g6 7.Be2 Bg7 8.Nf3 O-O
9.O-O Re8 10.Nd2 a6 11.a4 Nbd7 12.Qc2 Ne5 13.a5 Bd7 14.Ra3 Rc8 15.h3 c4 16.f4
Nd3 17.Bxd3 cxd3 18.Qxd3 Rc5 19.b4 Rc8 20.Nc4 Qe7 21.Re1 Nh5 22.Bd2 Qf6 23.e5
dxe5 24.fxe5 Qh4 25.Nd6 Rxe5 26.Rxe5 Bxe5 27.Nxc8 Bd4+ 28.Kh2 Qf2 29.Ne7+ Kf8
30.Bh6+ Ke8 31.Ne2 Be5+ 32.Kh1 Qf1+ 33.Ng1 Ng3+ 34.Qxg3 Bxg3 35.Rxg3 Kxe7
36.Kh2 Qc4 37.Re3+ Kd8 38.Bg5+ Kc8 39.Ne2 Qxd5 40.Be7 Bc6 41.Nf4 Qd4 {#R} 0-1

[Event "Cup Latin (open)"]
[Site "masterchessopen.com - Montevideo (Uruguay)"]
[Date "2011.11.01"]
[Round "1"]
[White "Cucchi Nicolas (URU)"]
[Black "Cubas Jose Fernando (PAR)"]
[Result "0-1"]
[WhiteElo "2002"]
[BlackElo "2529"]

1.d4 Nf6 2.c4 e6 3.Nf3 c5 4.d5 exd5 5.cxd5 g6 6.Nc3 d6 7.e4 Bg7 8.Be2 O-O
9.Nd2 Re8 10.O-O a6 11.a4 Nbd7 12.Re1 Ne5 13.h3 g5 14.Nf1 h6 15.Ng3 Ng6 16.Bf1
b6 17.Bd2 Ra7 18.Qc2 Nh4 19.Rad1 g4 20.e5 dxe5 21.hxg4 Bxg4 22.f3 Bxf3 23.gxf3
Nxf3+ 24.Kf2 Nd4 25.Qd3 c4 26.Qxc4 Ng4+ 27.Kg2 Qh4 28.Qxd4 exd4 29.Rxe8+ Bf8
30.Nce4 f5 31.Nxf5 Qh2+ 32.Kf3 Qh5 33.Rxf8+ Kxf8 34.Bb4+ Kg8 35.Ned6 {#R} 0-1

[Event "It (cat.3)"]
[Site "masterchessopen.com - Budapest (Hungary)"]
[Date "2011.12.08"]
[Round "6"]
[White "Krumpacnik Domen (SLO)"]
[Black "Katapodis Argis Geras"]
[Result "1-0"]
[WhiteElo "2377"]
[BlackElo "2050"]

1.c4 Nf6 2.Nc3 g6 3.d4 c5 4.d5 Bg7 5.e4 d6 6.Be2 O-O 7.Nf3 e6 8.O-O exd5
9.cxd5 Re8 10.Nd2 b6 11.a4 Na6 12.Bb5 Re7 13.a5 Bb7 14.Re1 Nb4 15.a6 Bxd5
16.exd5 Rxe1+ 17.Qxe1 Nc2 18.Qd1 Nxa1 19.Nc4 Qe7 20.Bf4 Nc2 21.Bxd6 Qe1+
22.Qxe1 Nxe1 23.Bc6 Rd8 24.Bc7 Rc8 25.d6 Nd3 26.Nd5 {#r} 1-0

[Event "Ch Netherlands (team) 2011/12"]
[Site "masterchessopen.com - Netherlands"]
[Date "2012.01.08"]
[Round "5"]
[White "Driessens Patrick (NED)"]
[Black "Van Der Heijden Anton (NED)"]
[Result "1-0"]
[WhiteElo "2309"]
[BlackElo "2284"]

1.d4 Nf6 2.c4 e6 3.Nf3 c5 4.d5 d6 5.Nc3 exd5 6.cxd5 g6 7.Nd2 Bg7 8.e4 O-O
9.Be2 Re8 10.O-O b6 11.Re1 Ba6 12.Bc4 Nh5 13.a4 Bc8 14.Bb5 Rf8 15.Nc4 a6
16.Bc6 Ra7 17.Qb3 Nxc6 18.dxc6 Be6 19.Qxb6 Bxc3 20.bxc3 Rc7 21.Na5 f5 22.Bh6
Rff7 23.exf5 Bxf5 24.Nb7 Qa8 25.Rad1 {#r} 1-0

[Event "Ch Norway (team) 2011/12"]
[Site "masterchessopen.com - Norway"]
[Date "2012.01.14"]
[Round "5"]
[White "Holm Kristian Stuvik (NOR)"]
[Black "Getz Nicolai (NOR)"]
[Result "1-0"]
[WhiteElo "2272"]
[BlackElo "2408"]

1.d4 Nf6 2.c4 e6 3.Nf3 c5 4.d5 exd5 5.cxd5 d6 6.Nc3 g6 7.Nd2 Bg7 8.e4 O-O
9.Be2 Re8 10.O-O a6 11.a4 Nbd7 12.Re1 Rb8 13.Ra3 Qc7 14.Qc2 c4 15.a5 b5
16.axb6 Nxb6 17.h3 Nfd7 18.Na4 Nxa4 19.Rxa4 Nb6 20.Rxc4 Nxc4 21.Nxc4 Bd7
22.Bf4 Rxb2 23.Qc1 Rxe2 24.Rxe2 Rc8 25.Rc2 Ba4 26.Bxd6 Qd8 27.e5 Bxc2 28.Qxc2
Qh4 29.g4 Qxh3 30.Qe4 Qb3 31.Ne3 Re8 32.g5 Qb2 33.Kg2 h6 34.gxh6 Bxh6 35.Ng4
Bg7 36.e6 f5 37.Qa4 Qb5 38.Qxb5 axb5 39.Ne5 g5 40.Nc6 Bc3 41.Be7 Rxe7 42.Nxe7+
Kf8 43.d6 Bb4 44.Ng6+ Ke8 45.d7+ Kd8 46.Ne5 {#r} 1-0

[Event "It (open)"]
[Site "masterchessopen.com - Nova Gorica (Slovenia)"]
[Date "2012.02.01"]
[Round "9"]
[White "Franca Veronika (SLO)"]
[Black "Petrovic Marko (SLO)"]
[Result "1-0"]
[WhiteElo "1840"]
[BlackElo "1979"]

1.d4 Nf6 2.c4 c5 3.d5 e6 4.Nc3 exd5 5.cxd5 d6 6.e4 g6 7.Nf3 Bg7 8.Be2 O-O
9.Nd2 Re8 10.O-O a6 11.a4 Nbd7 12.Qc2 Rb8 13.Nc4 Nb6 14.Ne3 Bd7 15.Rb1 Nxa4
16.Nxa4 Nxe4 17.Nc3 f5 18.Nxe4 Rxe4 19.Bd3 Re5 20.Rd1 b5 21.b3 f4 22.Nf1 Bh6
23.Bb2 Rg5 24.Qc3 Kf7 25.g3 Bg4 26.Re1 Rxd5 27.f3 Be6 28.g4 Qh4 29.Re2 Bxg4
30.fxg4 f3 31.Rf2 Qxg4+ 32.Ng3 Rd4 33.Rbf1 Be3 34.Bxg6+ Kxg6 35.Qxe3 {#r} 1-0